A idade da inocência (Registo nº 224)

Detalhes MARC
000 -Etiqueta do registo
Cabeçalho 00763nam0a2200253 4500
005 - Identificador da versão
Campo de controlo 20240813121757.0
010 ## - Número internacional normalizado dos livros (ISBN)
Número (ISBN) 8496142175
021 ## - Número do Depósito Legal
Código do país PT
Número B. 8850-2003
100 ## - Dados gerais de processamento
Dados gerais de processamento 20160512d2003 m y0pory5003 ba
102 ## - Pais de publicação ou produção
País de publicação Portugal
101 1# - Língua de publicação
Língua do texto, banda sonora, etc. Português
Língua do documento no original Inglês
215 ## - Descrição física 
Indicação específica da natureza do documento e extensão da espécie 319, [1] p
200 1# - Titulo e menção de responsabilidade
Título próprio A idade da inocência
Primeira menção de responsabilidade Edith Wharton
Outras menções de responsabilidade trad. de Teresa de Sousa Gomes
225 2# - Colecção 
Título próprio da colecção Mil folhas
Indicação de volume 46
210 ## - Publicação, Distribuição, etc. 
Lugar da edição, distribuição, etc. Porto
Nome do editor, distribuidor, etc. Público Comunicação Social
Data da publicação, distribuição, etc. cop. 2003
606 ## - Nome comum usado como assunto
Número de registo de entrada de autoridade 0002097
Palavra de ordem Literatura americana
Subdivisão de assunto Romance
Código do sistema CA
675 ## - Classificação Decimal Universal (CDU)
Notação 821.111(73)-31
Edição 3ª ed.
Língua da edição por
702 ## - Nome de autor-pessoa física (responsabilidade secundária)
Número de registo de entrada de autoridade 0000280
Palavra de ordem Gomes
Outra parte do nome não tomada para palavra de ordem Teresa de Sousa
Código de função Tradutor
700 ## - Nome de autor-pessoa física (responsabilidade principal)
Número de registo de entrada de autoridade 0000279
Palavra de ordem Wharton
Outra parte do nome não tomada para palavra de ordem Edith
Datas 1862-1937
966 ## - Identificação da Biblioteca
Sigla EB2,3ENM
942 ## - Elementos de entrada adicionados (Koha)
Tipo de item no Koha Livro
Exemplares
Situação do levantamento Origin of item (home branch) (coded) Biblioteca de empréstimo Código de barras Cota Circulation type (not for loan) Tipo de documento Nota do exemplar Damaged status
  Biblioteca Escolar Eng. Nuno Mergulhão Biblioteca Escolar Eng. Nuno Mergulhão BENM778 82LE-3 WHA   Livro Sem mensagem